[Event "40th Plunge Open-A 2020"]
[Site "Plunge"]
[Date "2020.07.13"]
[Round "1.1"]
[White "Pultinevicius, Paulius"]
[Black "Zilinskas, Vaidotas"]
[Result "1-0"]
[WhiteElo "2512"]
[BlackElo "1976"]
[Annotator "TA"]
[PlyCount "37"]
[EventDate "2020.07.13"]
[EventType "swiss"]
[EventCountry "LTU"]
[SourceTitle "playchess.com"]
[Source "ChessBase"]
[SourceQuality "1"]

{[%evp 15,37,60,86,39,150,139,154,149,157,120,206,220,198,216,193,176,170,161,935,923,927,927,904,878]} 1. d4 c6 2. Nf3 Nf6 3. c4 d6 4. Nc3 Qc7 5. e4 Bg4 6. Be2 Nbd7 7. O-O e5 8. Be3 Be7 9. Nh4 {[#] A53: Old Indian Defence without Nf3.} (9. h3 {looks sharper.} Bh5 10. Rc1 Bg6 11. Qc2 exd4 12. Nxd4 Nc5 13. Nf5) 9... Nxe4 $146 (9... Bxe2 $14 10. Qxe2 g6) ({Predecessor:} 9... Bxe2 10. Qxe2 g6 11. g3 O-O 12. f4 Ne8 13. Nf3 Ng7 14. c5 exd4 15. cxd6 Bxd6 16. Nxd4 Rae8 {1-0 (30) Inkiov,V (2485)-Esterluss,J (2141) Schwaebisch Gmuend 2006}) 10. Nxe4 $16 ({Weaker is} 10. Bxg4 Nxc3 11. bxc3 Bxh4 $11) 10... Bxe2 11. Qxe2 {aiming for Nf5.White is clearly better.} Bxh4 {[#]} 12. dxe5 $1 dxe5 (12... Nxe5 $16 13. Rad1 O-O) 13. Qg4 $1 $18 {[%csl LRg7,LRh4]} Bf6 14. Rad1 {Hoping for Nd6+.} h5 15. Qf5 {Threatens to win with Nd6+.} Be7 16. Bg5 {[%mdl 64] [#] Bxe7 is the strong threat. Overworked Piece} Bxg5 $2 (16... f6) 17. Nd6+ {[%mdl 64] Double Attack. White is clearly winning.} ({Less strong is} 17. Nxg5 Nf6 $14) ({Not} 17. Qxg5 f6 $16) 17... Ke7 18. Qxg5+ {[%mdl 64] Double Attack} Kf8 19. Nf5 {White took control after the opening. Accuracy: White = 85%, Black = 33%.} 1-0

[Event "40th Plunge Open-A 2020"]
[Site "Plunge"]
[Date "2020.07.13"]
[Round "1.2"]
[White "Bagdanskis, Dangis"]
[Black "Laurusas, Tomas"]
[Result "0-1"]
[WhiteElo "1916"]
[BlackElo "2511"]
[Annotator "TA"]
[PlyCount "94"]
[EventDate "2020.07.13"]
[EventType "swiss"]
[EventCountry "LTU"]
[SourceTitle "playchess.com"]
[Source "ChessBase"]
[SourceQuality "1"]

{[%evp 9,94,3,26,26,23,0,0,0,0,-54,-5,-1,-4,-41,-52,-41,1,-75,-67,-93,-10,-37,-6,-57,-60,-66,-19,-76,-70,-343,-174,-180,-161,-223,-211,-218,-218,-250,-245,-252,-241,-247,-255,-279,-266,-245,-243,-325,-308,-344,-322,-322,-275,-322,-322,-322,-322,-322,-308,-302,-301,-305,-320,-423,-434,-413,-412,-402,-411,-475,-463,-678,-662,-618,-638,-964,-965,-898,-896,-1038,-1000,-1474,-1207,-1030,-679,-29969,-694]} 1. d4 Nf6 2. Nf3 c5 3. c3 e6 4. Bf4 Nc6 5. e3 Nh5 6. Bg5 {A46: 1 d4 Nf6 2 Nf3 e6: Torre, London and Colle Systems.} Qb6 7. Na3 d5 8. dxc5 {The position is equal.} Bxc5 {[#]} 9. Qb3 $146 (9. b4 $11 Be7 10. Bxe7 Nxe7 11. Bb5+ Nc6 12. Rb1) ({Predecessor:} 9. b4 Be7 10. Bxe7 Nxe7 11. Qd4 O-O 12. Bd3 Bd7 13. O-O f6 14. Rfd1 g6 15. Be2 {1-0 (30) Bredenhof,B (2181)-Farias Magalhaes,F (2015) ICCF email 2012}) 9... O-O (9... f6 {looks sharper.} 10. Bh4 g5 11. Bg3 e5 12. Be2 Bg4) 10. Qxb6 Bxb6 11. Be2 (11. g4 $5 {[%cal Rg4h5]} Nf6 12. Bxf6 gxf6 13. O-O-O $15) 11... f6 12. Bh4 g5 13. Nd2 (13. g4 $11 {keeps the balance.}) 13... Ng7 $17 14. Bg3 Nf5 (14... f5 $1 $17 {Black wants to play ...f4.} 15. f3 Bxe3) 15. Nc2 e5 16. O-O-O (16. e4 $11) 16... Be6 $36 {[%mdl 2048] Black fights for an advantage.} 17. Kb1 Bf7 18. Rhf1 (18. e4 $11 {remains equal.} Nxg3 19. fxg3) 18... Bg6 19. c4 $2 {[%mdl 8192] [#] This move loses the game for White.} ({Better is} 19. e4 $15 dxe4 20. Nxe4) 19... Nxg3 (19... Nfd4 $142 $1 {[%mdl 512]} 20. exd4 Nxd4) 20. hxg3 $19 {[#]} Nb4 $1 21. e4 (21. Rc1 {keeps fighting.}) 21... Nxc2 (21... dxe4 22. Nxb4 e3+ 23. Kc1 $15) 22. Kxc2 dxe4 {Hoping for ...e3+.} 23. Kc1 Rac8 24. Nb1 Bd4 25. Na3 Rfd8 26. Nc2 f5 27. f4 h6 28. fxe5 Bxe5 29. Ne3 Rxd1+ 30. Kxd1 Rf8 ({Less strong is} 30... Bxb2 31. Nxf5 Kh7 32. Kd2 $17) 31. g4 {[%cal Rg4f5]} f4 ({Weaker is} 31... Bxb2 32. gxf5 Bf7 33. Kc2 $17) 32. Nd5 Bxb2 33. Ne7+ Kf7 34. Nxg6 Kxg6 {[%mdl 4096] Endgame KRB-KRB} 35. Kc2 Ba3 36. Rd1 f3 37. gxf3 exf3 38. Bd3+ Kg7 39. Bf5 f2 40. Rf1 (40. Rd7+ $142 Kh8 41. Bd3) 40... Bc5 41. Kd2 {[#]} h5 $1 42. Ke2 (42. gxh5 Rxf5) 42... Re8+ 43. Kf3 Re1 44. Kg2 h4 {( -> ...h3+!)} 45. Bd3 {[#]} h3+ $1 46. Kh2 (46. Kxh3 Re3+) 46... Bd6+ 47. Kh1 Kf6 {Accuracy: White = 42%, Black = 66%.} (47... b6 $142 48. a3 Kf6 49. c5 bxc5 50. a4 Bf4 51. Bb5 Ke5 52. a5 Kd4 53. Be2 Rxe2 54. Rd1+ Ke4 55. Rf1 {[#]} Re1 $1 {[%mdl 576] Back Rank} 56. Rxe1+ fxe1=Q#) 0-1

[Event "40th Plunge Open-A 2020"]
[Site "Plunge"]
[Date "2020.07.13"]
[Round "1.3"]
[White "Juksta, Karolis"]
[Black "Bagvilas, Lukas"]
[Result "0-1"]
[WhiteElo "2366"]
[BlackElo "1907"]
[Annotator "TA"]
[PlyCount "93"]
[EventDate "2020.07.13"]
[EventType "swiss"]
[EventCountry "LTU"]
[SourceTitle "playchess.com"]
[Source "ChessBase"]
[SourceQuality "1"]

{[%evp 9,93,10,62,53,54,13,22,18,64,61,53,36,43,43,19,20,56,37,41,61,62,35,43,0,28,12,2,-431,-437,-437,-448,-450,-428,-537,-508,-528,-512,-525,-528,-512,-506,-496,-441,-518,-518,-717,-602,-874,-873,-851,-843,-759,-460,-5469,-518,-675,-560,-560,-544,-547,-535,-656,-648,-584,-614,-687,-687,-874,-844,-861,-868,-1187,-930,-1187,-1122,-1114,-1077,-1004,-908,-1768,-1477,-12821,-6227,-5329,-5318,-29992]} 1. d4 e6 2. c4 b6 3. e4 Bb7 4. Nc3 Bb4 5. Qc2 c5 (5... Bxc3+ $11 6. bxc3 Qh4) 6. d5 $14 {A40: Unusual replies to 1 d4.} f5 {[#]} 7. exf5 $146 ({Predecessor:} 7. a3 Ba5 8. Bd2 fxe4 9. Nxe4 Bxd2+ 10. Qxd2 Qe7 11. O-O-O Nf6 12. Nc3 O-O 13. Nf3 {1-0 (83) Melkumyan,H (2660)-Lomasov,S (2540) Douglas 2018}) 7... exd5 8. cxd5 {The position is equal.} Bxd5 9. Bd2 Qe7+ 10. Nge2 Bxc3 $1 11. Bxc3 Be4 12. Qa4 {Strongly threatening 0-0-0.} Bc6 13. Qb3 Na6 $1 14. O-O-O Nc7 15. Nf4 {Hoping for Re1.} O-O-O $1 16. Bc4 Qg5 17. Be5 Nf6 18. Qd3 $2 {[%mdl 8192] This move loses the game for White.} (18. Qg3 $11 {and White stays safe.} h6 19. Rhe1) 18... d6 $1 $19 {[%cal Rd6e5] Black is clearly winning.} 19. h4 Qh6 20. Bxd6 Ne4 {[%cal Re4d6][%mdl 64] Double Attack} 21. Ba6+ Nxa6 22. Qxa6+ Bb7 23. Qe2 Rxd6 24. g3 Rhd8 25. Rxd6 Qxd6 ({Weaker is} 25... Nxd6 26. Rd1 $19) 26. Re1 Qf6 27. g4 Bc6 {aiming for ...Rd2.} 28. f3 Rd2 {[%csl Gd2][%cal Rf6b2][%mdl 64] Double Attack} 29. Qa6+ {[#]} Kb8 $1 {[%csl Gd2][%cal Rf6b2]} 30. Qa3 Qd6 31. Qe3 (31. fxe4 $142 Qxf4 {[%mdl 64] Double Attack} 32. Qe3) 31... Rd4 (31... Ba4 $142 {( -> ...Rd1+)} 32. Kb1 Rd1+ 33. Qc1 Rxc1+ 34. Rxc1 Nd2+ {[%mdl 64] Double Attack} 35. Ka1 Qxf4 36. h5 {[#]} Nb3+ $1 {[%mdl 576] Discovered Attack} 37. axb3 Qxc1+ 38. Ka2 Bb5 39. f6 Bd3 40. b4 Qc2 $1 {[%mdl 512]} 41. Ka3 Bc4 42. bxc5 Qb3#) 32. fxe4 Rxe4 33. Qxe4 Bxe4 34. Rxe4 {[%mdl 4096] Endgame KQ-KRN} Qc6 35. Re7 Qh1+ {[%mdl 64] Double Attack} 36. Kc2 Qxh4 {[%mdl 64] Double Attack} 37. Re8+ Kb7 38. Ne6 Qxg4 39. Re7+ Ka6 40. Nxg7 Qc4+ 41. Kb1 Qh4 42. Rd7 Qe4+ 43. Kc1 Qf4+ 44. Kb1 {[#]} h5 $1 45. a3 (45. Nxh5 Qxf5+) 45... h4 46. Ka2 h3 47. Rd3 {Accuracy: White = 43%, Black = 81%.} 0-1

[Event "40th Plunge Open-A 2020"]
[Site "Plunge"]
[Date "2020.07.13"]
[Round "1.4"]
[White "Paulauskas, Andrius"]
[Black "Brazdzionis, Andrius"]
[Result "0-1"]
[WhiteElo "1904"]
[BlackElo "2342"]
[Annotator "TA"]
[PlyCount "98"]
[EventDate "2020.07.13"]
[EventType "swiss"]
[EventCountry "LTU"]
[SourceTitle "playchess.com"]
[Source "ChessBase"]
[SourceQuality "1"]

{[%evp 9,98,0,-2,-15,0,-17,-3,-34,-15,-42,-21,-59,-27,-35,-14,-20,-11,-21,-11,-11,-8,-36,22,-14,0,-17,11,14,33,0,0,-76,-77,-107,-102,-127,-136,-142,-141,-219,-220,-221,-204,-229,-251,-252,-247,-261,-248,-243,-237,-204,0,0,0,-41,0,-16,-16,-17,-17,-19,-12,-22,0,0,0,0,0,0,0,-18,0,-185,-95,-439,-422,-1259,-1264,-1098,-979,-29981,-29982,-29982,-29983,-29985,-29986,-29989,-29988,-29989,-29990]} 1. e4 c5 2. Ne2 Nc6 3. g3 g6 4. Bg2 Bg7 5. O-O d6 6. h3 {B20: Sicilian: Unusual White 2nd moves.} e6 7. d3 Nge7 8. c3 {[#] The position is equal.} d5 $146 ({Predecessor:} 8... O-O 9. Nd2 Rb8 10. Nf3 b5 11. d4 b4 12. c4 e5 13. d5 Nd4 14. Nexd4 cxd4 {1-0 (46) Rotstein,A (2499)-De Santis,A (2213) Cesenatico 2017}) 9. f4 O-O 10. g4 f5 11. Ng3 dxe4 12. dxe4 Qxd1 13. Rxd1 e5 14. exf5 gxf5 15. g5 e4 (15... Be6 $15) 16. Be3 b6 $36 {[%mdl 2048] Black has the initiative.} 17. Na3 Be6 18. Rd6 Kf7 19. Bf1 (19. Nb5 $5 {[%cal Rb5c7]}) 19... Rad8 20. Rxd8 (20. Rad1 $11 {keeps the balance.}) 20... Rxd8 $17 ({But not} 20... Nxd8 $6 21. Rd1 $11) 21. Kf2 Nd5 22. Rd1 Nxe3 23. Rxd8 {And now Rd6 would win.} Nxf1 ({Don't play} 23... Nxd8 $6 24. Kxe3 Nc6 25. Bc4 $11) 24. Rd6 (24. Ra8 $17 Nxg3 25. Kxg3) 24... Nxg3 $19 25. Rxc6 Nh5 $1 {[%cal Rh5f4]} 26. Rc7+ Kg8 $1 27. Ke3 Bf8 $1 {[%cal Rf8d6] aiming for ...Bd6.} ({Less strong is} 27... Bxa2 28. Rxa7 Bf8 29. Ra8 $17) 28. Rc6 Bxa2 29. Nb5 {[#]} Bd5 $1 {[%cal Rd5c6]} 30. Rc8 a6 $2 ({Better is} 30... Kf7 $19 {Hoping for ...h6.} 31. Rd8 Be6 32. Nxa7 Be7) 31. Nd6 $1 $11 Be6 32. Rc6 b5 (32... Bxd6 $5 33. Rxd6 Bc4 $11) 33. Nxe4 Bd5 34. Nf6+ Nxf6 35. Rxf6 a5 36. Rxf5 Be6 37. Rf6 Bxh3 38. Ra6 a4 39. Ke4 Bd7 40. Ra7 Bc6+ 41. Ke5 $2 {[#]} (41. Ke3 $11 {and White stays safe.}) 41... b4 $1 $19 42. c4 $2 {[%mdl 8192] [#] Loses the game.} (42. cxb4 $17 cxb4 43. Ra6) 42... a3 $1 43. b3 (43. bxa3 $142 b3 44. Ra6) 43... Bf3 44. f5 Bd1 45. Kf6 Bxb3 {Black mates.} 46. g6 hxg6 47. fxg6 a2 48. Ra8 Bxc4 49. g7 {[#]} a1=Q+ $1 {[%mdl 64] Double Attack. Accuracy: White = 49%, Black = 88%.} 0-1

[Event "40th Plunge Open-A 2020"]
[Site "Plunge"]
[Date "2020.07.13"]
[Round "1.5"]
[White "Sakalauskas, Vaidas"]
[Black "Skierus, Algimantas"]
[Result "1-0"]
[WhiteElo "2335"]
[BlackElo "1901"]
[Annotator "TA"]
[PlyCount "47"]
[EventDate "2020.07.13"]
[EventType "swiss"]
[EventCountry "LTU"]
[SourceTitle "playchess.com"]
[Source "ChessBase"]
[SourceQuality "1"]

{[%evp 15,47,14,47,24,16,4,60,54,63,43,189,190,195,188,327,329,335,334,324,298,408,402,402,404,529,518,514,522,510,514,526,523,654,556]} 1. d4 Nf6 2. c4 g6 3. Nc3 d5 4. Bf4 Bg7 5. e3 O-O 6. Nf3 c5 7. dxc5 Qa5 8. Rc1 Rd8 9. Nd2 {Threatens to win with Nb3. D93: Grünfeld: 4 Nf3 Bg7 5 Bf4 0-0 6 e3.} dxc4 10. Bxc4 Nc6 ({Better is} 10... Na6 $1 $11) 11. Qb3 $14 {[#] White is slightly better.} e6 $146 ({Predecessor:} 11... Kh8 12. Qb5 Qxb5 13. Nxb5 Nh5 14. Bc7 Rd7 15. g4 Nf6 16. g5 Ng4 17. Bg3 Bxb2 {½-½ (43) Lloveras Rebell,J (2200)-Glembek,B (2138) ICCF email 2006}) 12. Qb5 Nd5 (12... Qxb5 $14 13. Nxb5 (13. Bxb5 Nd5 $14) 13... Nd5) 13. Qxa5 $18 Nxa5 14. Bxd5 $1 exd5 (14... Rxd5 {keeps fighting.} 15. Nxd5 exd5) 15. Bc7 $1 {[%csl LRa5,LRd8][%mdl 64] [#] Double Attack} Nc6 16. Bxd8 Nxd8 17. O-O Ne6 18. Nxd5 Bxb2 19. Rb1 Bg7 20. Ne7+ {White is clearly winning.} Kf8 21. Nxc8 Rxc8 22. Rxb7 a5 23. Rc1 Nxc5 {[#]} 24. Ne4 $1 {[%mdl 512] Black got outplayed after the opening. Accuracy: White = 90%, Black = 32%.} 1-0

[Event "40th Plunge Open-A 2020"]
[Site "Plunge"]
[Date "2020.07.13"]
[Round "1.6"]
[White "Sarauskas, Andrius"]
[Black "Indriunas, Matas"]
[Result "0-1"]
[WhiteElo "1900"]
[BlackElo "2199"]
[Annotator "TA"]
[PlyCount "64"]
[EventDate "2020.07.13"]
[EventType "swiss"]
[EventCountry "LTU"]
[SourceTitle "playchess.com"]
[Source "ChessBase"]
[SourceQuality "1"]

{[%evp 24,64,-18,-30,-8,-9,-5,-11,-4,-18,16,27,21,0,8,7,40,-17,0,-50,-1,-61,13,-86,-104,-97,-97,-261,-240,-870,-852,-1075,-1727,-1593,-1677,-2350,-2294,-29991,-29992,-29992,-29993,-29994,-29995]} 1. Nf3 Nf6 2. g3 g6 3. c4 Bg7 4. Bg2 O-O 5. O-O d6 6. Nc3 Nc6 7. d3 e5 8. Bg5 h6 9. Bxf6 Bxf6 10. Rb1 a5 11. a3 Ne7 12. b4 axb4 13. axb4 c6 {A26: English Opening vs King's Indian with ...Nc6 and d3.} 14. Ne4 Bg7 15. c5 d5 {The position is equal.} 16. Nd6 Nf5 17. Nxc8 {[#]} Qxc8 $146 ({Predecessor:} 17... Rxc8 18. Bh3 Ra8 19. Bxf5 gxf5 20. Nh4 f4 21. b5 Qf6 22. bxc6 bxc6 23. Rb6 Ra5 {0-1 (45) Sokolowski,K (1983)-Choroszej,A (2190) Poland 2013}) 18. e3 Ne7 19. Qb3 f5 20. Nd2 (20. e4 $14) 20... Kh7 21. f4 g5 22. Kh1 (22. fxe5 $11 Bxe5 23. b5) 22... Ng6 (22... exf4 $15 23. gxf4 Ng6) 23. e4 (23. fxg5 $11 hxg5 24. e4 dxe4 25. dxe4) 23... exf4 $17 24. exd5 fxg3 25. Nc4 $2 {[#] Now White is beyond hope.} (25. dxc6 $17 {was called for.} bxc6 26. hxg3) 25... f4 $1 $19 {And now ...Nh4 would win.} 26. Nd6 $2 ({Not} 26. Nb6 $2 Qg4 $19) (26. dxc6 bxc6 27. Qc2) 26... Qg4 {Strongly threatening ...Qh4!} 27. Qd1 {[#]} Qh4 $1 {[%csl Gg3][%cal Rh4h2]} 28. h3 h5 29. dxc6 g4 {( -> ...f3)} 30. cxb7 Ra2 {Black mates.} 31. Nf5 Rxf5 32. b8=Q {[#]} Rxg2 $1 {[%mdl 512] Accuracy: White = 32%, Black = 78%.} 0-1

[Event "40th Plunge Open-A 2020"]
[Site "Plunge"]
[Date "2020.07.13"]
[Round "1.7"]
[White "Stremavicius, Pijus"]
[Black "Greicius, Pijus"]
[Result "1/2-1/2"]
[WhiteElo "2163"]
[BlackElo "1893"]
[Annotator "TA"]
[PlyCount "88"]
[EventDate "2020.07.13"]
[EventType "swiss"]
[EventCountry "LTU"]
[SourceTitle "playchess.com"]
[Source "ChessBase"]
[SourceQuality "1"]

{[%evp 9,88,9,12,0,0,0,0,0,0,0,8,8,7,-8,0,-37,-37,-72,-23,-20,-17,-19,-22,-19,-50,-27,0,0,0,0,0,0,0,0,0,-75,-91,-46,81,83,88,83,97,100,106,96,104,41,41,-2,65,9,31,27,30,31,41,0,5,0,0,0,0,-72,-55,-76,-53,-77,-71,-110,-68,-83,-51,-43,-51,-70,-79,-69,-47,-43,-46]} 1. Nf3 d5 2. b3 Bg4 3. e3 e6 4. Bb2 Nf6 5. c4 c6 6. Nc3 {A12: English Opening: 1...c6 with b3 by White.} Bd6 7. h3 Bh5 8. Be2 {The position is equal.} h6 9. O-O O-O 10. d4 Nbd7 {[#]} 11. a3 $146 ({Predecessor:} 11. Qc2 Qe7 12. e4 Bg6 13. Bd3 dxc4 14. Bxc4 e5 15. Rfe1 exd4 16. Nxd4 Rfe8 17. Nf5 Bxf5 18. exf5 Qxe1+ 19. Rxe1 Rxe1+ {0-1 (47) Chennaoui,Y (2055)-Ni,S (2428) Neustadt an der Weinstrasse 2019}) 11... Qe7 12. cxd5 exd5 13. b4 {[%cal Bb3b4,Bb4b5][%mdl 32]} Rad8 14. b5 c5 15. dxc5 Nxc5 16. Nd4 Bg6 (16... Qe5 $5 17. g3 $8 Bg6 $11) 17. a4 Qe5 {[%csl Gd6][%cal Re5h2]} 18. Nf3 Qe6 19. Rc1 Bb8 20. Ba3 b6 21. Nd4 Qd6 {[%csl Gb8][%cal Rd6h2]} 22. g3 {[#]} (22. f4 $11) 22... Rfe8 $1 $17 23. Qd2 Nfe4 {[#]} (23... Qd7 $15 {keeps the upper hand.} 24. Kg2 Rc8) 24. Nxe4 $1 $16 Bxe4 25. Kh2 h5 26. Bxh5 Qh6 27. Be2 Bd6 28. Rfe1 (28. Qd1 $16) 28... Qf6 $14 {[%cal Rf6f2]} 29. f4 Rd7 (29... Nb3 $1 $11 30. Nxb3 Bxa3) 30. Bf1 ({White should try} 30. Bg4 $14 Rb7 31. Bxc5 Bxc5 32. Qf2) 30... Nxa4 (30... Nb3 $5 31. Nxb3 Bxa3 $11) 31. Rc6 {And now Bxd6 would win.} Nc5 32. Bb2 Qd8 33. Ba1 Bf8 34. Qa2 Nd3 (34... Bh7 {is interesting.} 35. Bc3 Rde7 36. Qd2 Ne4 37. Qb2 Nc5) 35. Bxd3 $1 Bxd3 36. Rcc1 (36. Qb3 $11 {remains equal.} Be4 37. Bb2) 36... Bc4 $36 {[%mdl 2048] Black has good play.} 37. Qb2 f6 38. f5 Bd6 39. Qf2 Qb8 40. Qf3 Be5 41. Red1 Bxd4 42. Rxd4 Rde7 43. Re1 Re4 44. Rxe4 Rxe4 {Accuracy: White = 77%, Black = 78%.} 1/2-1/2

[Event "40th Plunge Open-A 2020"]
[Site "Plunge"]
[Date "2020.07.13"]
[Round "1.8"]
[White "Koliasnikovas, Aironas"]
[Black "Vardanyan, Aras"]
[Result "0-1"]
[WhiteElo "1879"]
[BlackElo "2178"]
[Annotator "TA"]
[PlyCount "78"]
[EventDate "2020.07.13"]
[EventType "swiss"]
[EventCountry "LTU"]
[SourceTitle "playchess.com"]
[Source "ChessBase"]
[SourceQuality "1"]

{[%evp 9,78,28,58,58,53,44,44,16,25,17,39,26,14,0,285,-5,0,0,0,-6,-14,-14,0,-95,-95,-116,-118,-147,-130,-133,-120,-137,-134,-122,-96,-146,0,-150,-160,-159,-156,-297,-295,-299,-297,-293,-285,-305,-305,-443,-436,-512,-498,-551,-547,-647,-639,-633,-624,-609,-572,-575,-537,-522,-433,-672,-646,-646,-596,-772,-754]} 1. d4 Nf6 2. c4 c5 3. d5 b5 4. cxb5 a6 5. bxa6 g6 6. Nc3 {A58: Benko/Volga Gambit: Lines with 5 bxa6.} Bg7 7. g3 d6 8. e4 {White is slightly better.} O-O 9. a7 Nbd7 10. Nf3 {[#]} Qa5 $146 {Strongly threatening ...Nxe4.} ({Predecessor:} 10... Rxa7 11. a4 Ng4 12. Nb5 Ra8 13. Bd3 f5 14. Ng5 Nde5 15. Ne6 Bxe6 16. dxe6 Nxf2 17. Kxf2 fxe4+ {0-1 (25) Jovicic,J-Spasov,V (2573) Kragujevac 2013}) 11. Bd2 Ba6 $2 {[%mdl 8192] [#]} (11... Qxa7 $11 {and Black is okay.} 12. a4 Ba6) 12. Bxa6 $2 ({White should play} 12. Na4 $18 Qc7 13. Bxa6 Nxe4 14. Bb5) 12... Qxa6 $11 13. Qe2 Rxa7 14. a4 Rb8 15. Ra2 Rb4 16. Qxa6 (16. a5 $1 $11 {remains equal.}) 16... Rxa6 $17 17. O-O Nxe4 18. Re1 Nxd2 19. Nxd2 Kf8 20. a5 Ne5 21. Re3 Rd4 22. Nde4 Bh6 (22... Nc4 $17 23. Re1 Rd3) 23. f4 (23. Nxc5 $1 $11 Rxa5 24. Rxa5 Bxe3 25. Ra8+ (25. fxe3 Rd2 $11) 25... Kg7 26. fxe3) 23... Nc4 $36 {[%mdl 2048] Black is in control.} 24. Re1 f5 25. Nf2 (25. b3 $17 Rxa5 26. Rae2) 25... Rxa5 $19 26. Rxa5 Nxa5 27. Ra1 Nc4 28. Ra8+ Kf7 29. Rb8 (29. Ra4 $142) 29... Bg7 {Black is clearly winning.} 30. Nfd1 Rd2 31. Rb7 {[#]} Nxb2 $1 {[%mdl 512]} 32. Rxb2 Rxb2 33. Nxb2 Bxc3 {[%mdl 4096] Endgame KB-KN} 34. Nc4 Ke8 35. Kf2 Kd7 36. Ke2 Bd4 37. h3 (37. Kd3 $142) 37... Bf6 38. g4 e6 39. Kd3 exd5 {Accuracy: White = 50%, Black = 87%.} 0-1

[Event "40th Plunge Open-A 2020"]
[Site "Plunge"]
[Date "2020.07.13"]
[Round "1.9"]
[White "Martinkus, Rolandas"]
[Black "Simkunaite, Gabija"]
[Result "0-1"]
[WhiteElo "2117"]
[BlackElo "1871"]
[Annotator "TA"]
[PlyCount "48"]
[EventDate "2020.07.13"]
[EventType "swiss"]
[EventCountry "LTU"]
[SourceTitle "playchess.com"]
[Source "ChessBase"]
[SourceQuality "1"]

{[%evp 17,48,21,16,22,23,17,25,14,16,17,93,0,5,9,22,19,29,-266,-234,-293,-304,-462,-455,-635,-625,-29987,-6832,-5618,-5427,-2183,-1796,-1852,-714]} 1. Nf3 d5 2. c4 c6 3. e3 Nf6 4. Nc3 e6 5. b3 Nbd7 6. Bb2 Bd6 7. d4 O-O 8. Bd3 e5 {8...b6 gains popularity.} 9. cxd5 cxd5 {aiming for ...e4.} 10. dxe5 {D46: Semi-Slav: 5 e3 Nbd7 6 Bd3, Black avoids the Meran.} Nxe5 11. Be2 Be6 12. O-O {White has an edge.} a6 13. Rc1 {[#]} Rc8 $146 (13... Re8 $11) ({Predecessor:} 13... Qe7 14. Na4 Ned7 15. Bd4 Rac8 16. Rxc8 Rxc8 {½-½ (16) Jussupow,A (2665)-Shirov,A (2690) Germany 1997}) 14. Na4 (14. Nxd5 $1 $16 {Black must now prevent Rxc8.} Nxd5 15. Nxe5) 14... Rxc1 $11 15. Qxc1 Nxf3+ 16. Bxf3 Ne4 17. Rd1 $2 {[%mdl 8192] [#] White does not recover from this.} (17. Bxe4 $11 dxe4 18. Rd1) 17... Bxh2+ $1 $19 {[%mdl 512]} 18. Kf1 {And now Bxe4 would win.} (18. Kxh2 Qh4+) 18... Qh4 {[%csl Ge4][%cal Rh4f2]} 19. Bxe4 (19. Rd2 $142) 19... dxe4 20. Nc5 Bg4 {( -> ...Bc7)} 21. Rd5 {[#]} Be5 $1 {[%mdl 512]} 22. Ke1 {Black is clearly winning.} (22. Bxe5 Qh1#) 22... Bxb2 23. Qxb2 Qh1+ {[%mdl 64] Double Attack} 24. Kd2 Qd1+ {Accuracy: White = 32%, Black = 69%.} 0-1